|
|
|
|
| LEADER |
00000cam a2200000 7i4500 |
| 001 |
0000026784 |
| 005 |
20160418.0 |
| 040 |
|
|
|a INS
|
| 090 |
0 |
0 |
|a VCD 2405
|
| 245 |
0 |
0 |
|a Sesi pemilihan tenaga pengajar Taqeem [
|h cakera video] :
|b 18 Jun 2015
|
| 260 |
|
|
|a Kajang :
|b Institut Penilaian Negara ,
|c 2015
|
| 300 |
|
|
|a 1 cakera video (1 jam 30 min.) :
|b wrn. by. ;
|c 4 3/4 in.
|
| 500 |
|
|
|a DVD
|
| 610 |
0 |
1 |
|a Saudi Authority for Accredited Valuers (TAQEEM)
|
| 710 |
1 |
|
|a Institut Penilaian Negara
|
| 999 |
|
|
|a VCD0002404
|b VIDEO CD
|c Media Collection
|e Default branch
|
| 999 |
|
|
|a VCD0002405
|b VIDEO CD
|c Media Collection
|e Default branch
|